| 000 | 00540nam a22001337a 4500 | ||
|---|---|---|---|
| 082 |
_a625.76 _bNAT |
||
| 110 |
_aTransportation Research Board National Research Council Washington _943710 |
||
| 245 |
_aTransportation Research Board _bWinter Maintenance, Roadside Management and Rating Routine Maintenance Activities |
||
| 260 |
_aWashington DC _bTransportation Research Board National Research Council Washington _c1989 |
||
| 300 |
_aP,64 _bIlluas |
||
| 526 |
_a0 _b0 _c0 _d625_760000000000000_NAT |
||
| 650 |
_aMCE _9379 |
||
| 942 |
_2ddc _cBK |
||
| 999 |
_c547523 _d547523 |
||